La Coqueluche (Record no. 167714)

MARC details
000 -LEADER
campo de control de longitud fija 00980nam a22002295i 4500
001 - NÚMERO DE CONTROL
campo de control 167714
003 - IDENTIFICADOR DE NÚMERO DE CONTROL
campo de control ES-MaACL
005 - FECHA Y HORA DE LA ÚLTIMA TRANSACCIÓN
campo de control 20251011063151.0
008 - DATOS DE LONGITUD FIJA--INFORMACIÓN GENERAL
campo de control de longitud fija 940628s1888 sp |||| | spa d
040 ## - FUENTE DE CATALOGACIÓN
Centro catalogador/agencia de origen CAT
Lengua de catalogación spa
Centro/agencia transcriptor CAT
Centro/agencia modificador CCPB
080 ## - NÚMERO DE LA CLASIFICACIÓN DECIMAL UNIVERSAL
Número de la Clasificación Decimal Universal 616
100 2# - ENTRADA PRINCIPAL--NOMBRE DE PERSONA
Nombre de persona Viura y Carreras, Juan,
Fechas asociadas al nombre 1851-1933
9 (RLIN) 133801
245 13 - MENCIÓN DEL TÍTULO
Título La Coqueluche
Resto del título : su naturaleza y tratamiento /
Mención de responsabilidad, etc. por el Dr. Viura y Carreras.
260 ## - PUBLICACIÓN, DISTRIBUCIÓN, ETC.
Lugar de publicación, distribución, etc. Barcelona :
Nombre del editor, distribuidor, etc. [s.n.],
Fecha de publicación, distribución, etc. 1888 (
Fabricante Establecimiento Tipográfico Editorial La Academia)
300 ## - DESCRIPCIÓN FÍSICA
Extensión 16 p. ;
Dimensiones 26 cm.
500 ## - NOTA GENERAL
Nota general En port.: "Comunicación presentada al Congreso Médico Internacional celebrado en Barcelona en septiembre de 1888"
650 #7 - PUNTO DE ACCESO ADICIONAL DE MATERIA--TÉRMINO DE MATERIA
Término de materia o nombre geográfico como elemento de entrada Enfermedades infecciosas
Fuente del encabezamiento o término embne
9 (RLIN) 135986
650 #4 - PUNTO DE ACCESO ADICIONAL DE MATERIA--TÉRMINO DE MATERIA
Término de materia o nombre geográfico como elemento de entrada Tosferina.
9 (RLIN) 139259
711 2# - ENTRADA AGREGADA--NOMBRE DE REUNIÓN
Nombre de congreso/reunión o jurisdicción como elemento de entrada Congreso Internacional de Medicina (
Fecha del congreso o de la firma del tratado 1888.
Sede del congreso/Lugar de la reunión Barcelona)
9 (RLIN) 135106
852 ## - LOCALIZACIÓN
Ubicación ES-MaACL
Número de control de estantería T-525-F-5
Nota libre -- Enc. hol., conservando la cub. original
-- -- Enc. en un vol. facticio
Holdings
Estatus retirado Estado de pérdida Estado de daño No para préstamo Colección Biblioteca de origen Biblioteca actual Ubicación en estantería Fecha de adquisición Total de préstamos Signatura topográfica completa Código de barras Visto por última vez Precio de reemplazo Tipo de ítem Koha
        Colección de folletos Biblioteca del Ateneo de Madrid Biblioteca del Ateneo de Madrid Depósito folletos 17/01/2008   T-525-F-5 1175949 23/02/2023 23/02/2023 Folleto